000 00726nam a2200217 a 4500
005 20221116063500.0
008 081028s1989 mx r 000 0 spa d
035 _aUPN01000164455
049 _aUNE
080 _aOC 31.115.1 (100) =20 SAC No.59.
100 1 _aSachs, Céline
245 1 0 _aExploring the human dimensions of development ; a review of the literature /
_cCéline Sachs.
260 _aParis :
_bUNESCO,
_c1989.
300 _a89 p.
440 0 _aStudies and documents. Major programme I. Reflection on wor-
505 8 _aContiene una lista de resúmenes
690 _aDesarrollo de los recursos humanos
690 _aDesarrollo economico y social
690 _aRecursos humanos
_99244
905 _aUNESCO
999 _c136567
_d136567